书目信息 |
| 题名: |
大学英语疑难辨析与改错
|
|
| 作者: | 薛青 , 朱巧莲 , 朱虹 编著 | |
| 分册: | ||
| 出版信息: | 上海 上海教育出版社 2004.01 |
|
| 页数: | 386页 | |
| 开本: | 20cm | |
| 丛书名: | ||
| 单 册: | ||
| 中图分类: | H31 | |
| 科图分类: | ||
| 主题词: | 英语--ying yu--高等学校--教学参考资料 | |
| 电子资源: | ||
| ISBN: | 7-5320-8895-2 | |
| 000 | 00763nam0 2200253 450 | |
| 001 | CAL 012004060118 | |
| 005 | 20060606100534.87 | |
| 010 | @a7-5320-8895-2@dCNY 20.00 | |
| 099 | @aCAL 012004060118 | |
| 100 | @a20040329d2004 em y0chiy0121 ea | |
| 101 | 0 | @achi@aeng |
| 102 | @aCN@b310000 | |
| 200 | 1 | @a大学英语疑难辨析与改错@Ada xue ying yu yi nan bian xi yu gai cuo@f朱巧莲, 薛青, 朱虹编著 |
| 210 | @a上海@c上海教育出版社@d2004.01 | |
| 215 | @a386页@d20cm | |
| 320 | @a有书目 (第386页) | |
| 606 | 0 | @a英语@Aying yu@x高等学校@j教学参考资料 |
| 690 | @aH31@v4 | |
| 701 | 0 | @a薛青@Axue qing@4编著 |
| 701 | 0 | @a朱巧莲@Azhu qiao lian@4编著 |
| 701 | 0 | @a朱虹@Azhu hong@4编著 |
| 801 | 0 | @aCN@bCAU@c20060606 |
| 905 | @dH31@eZ863 | |
| 906 | @dCNY 20.00@n3@r1 | |
| 大学英语疑难辨析与改错/朱巧莲, 薛青, 朱虹编著.-上海:上海教育出版社,2004.01 |
| 386页;20cm |
| ISBN 7-5320-8895-2:CNY 20.00 |
| ● |
| 相关链接 |
|
|
|
正题名:大学英语疑难辨析与改错
索取号:H31/Z863
 
预约/预借
| 序号 | 登录号 | 条形码 | 馆藏地/架位号 | 状态 | 备注 |
| 1 | 604831 | 206048310 | 语言库209/209语言库 91排4列1层/ [索取号:H31/Z863] | 在馆 | |
| 2 | 604832 | 206048329 | 语言库209/209语言库 91排4列1层/ [索取号:H31/Z863] | 在馆 | |
| 3 | 604833 | 206048338 | 语言库209/209语言库 91排4列1层/ [索取号:H31/Z863] | 在馆 |